Welcome to the Holygrace Academy Library

Please use search bar below to get started

HIGH SCHOOL MUSICAL (Record no. 434)

MARC details
000 -LEADER
fixed length control field 00472nam a22001457a 4500
020 ## - INTERNATIONAL STANDARD BOOK NUMBER
ISBN 978-1-4075-1743-8
082 ## - DEWEY DECIMAL CLASSIFICATION NUMBER
Classification number 823
Item number GRA/H
100 ## - MAIN ENTRY--AUTHOR NAME
Personal name N.B.GRACE
245 ## - TITLE STATEMENT
Title HIGH SCHOOL MUSICAL
Remainder of title BROADWAY DREAMS
260 ## - PUBLICATION, DISTRIBUTION, ETC. (IMPRINT)
Place of publication UNITED KINGDOM
Name of publisher PARRAGON
Year of publication 2008
300 ## - PHYSICAL DESCRIPTION
Number of Pages 122
520 ## - SUMMARY, ETC.
Summary, etc ARE ANY OF THEM READY FOR THE LEVEL OF COMPETITION THEY'LL FACE? AND WILL THEIR FRIENDSHIPS SURVIVE THE CHALLENGES AHEAD?
650 ## - SUBJECT ADDED ENTRY--TOPICAL TERM
Topical Term STORIES FROM EAST HIGH 5
Geographic subdivision UNITED KINGDOM
942 ## - ADDED ENTRY ELEMENTS (KOHA)
Koha item type Books
Holdings
Withdrawn status Lost status Collection code Home library Current library Shelving location Date acquired Source of acquisition Cost, normal purchase price Full call number Accession Number Koha item type
    Fiction Main Library Main Library On Display 20/03/2016 purchase 526.00 823 GRA/H 08013 Books
    Fiction Main Library Main Library On Display 12/03/2014 purchase 526.00 823 GRA/H 07958 Books
    Fiction Main Library Main Library On Display 12/03/2014 purchase 526.00 823 GRA/H 07859 Books
    Fiction Main Library Main Library On Display 30/01/2019 purchase 40.00 823 GRA/H 10865 Books
    Fiction Main Library Main Library On Display 12/03/2014 purchase   823 GRA/H 07864 Books
    Fiction Main Library Main Library On Display 30/01/2019 purchase 40.00 823 GRA/H 10830 Books